[Event "10th Sharjah Cup Women 2020"]
[Site "Sharjah"]
[Date "2020.01.08"]
[Round "6.6"]
[White "Drljevic, Ljilja"]
[Black "Zimina, Olga"]
[Result "0-1"]
[WhiteElo "2193"]
[BlackElo "2367"]
[Annotator "TA RC"]
[PlyCount "58"]
[EventDate "2020.01.04"]
[EventType "swiss"]
[EventCountry "UAE"]
[SourceTitle "playchess.com"]
[Source "ChessBase"]
[SourceQuality "1"]

{[%evp 15,72,20,14,6,25,-3,0,-9,-12,-5,24,18,26,29,23,29,55,47,66,46,52,19,52,0,0,0,0,0,0,-12,0,0,0,-7,-7,-122,-132,-197,-174,-176,-152,-180,-180,-228,-235,-238,-242,-264,-246,-251,-219,-227,-221,-372,-378,-362,-377,-2202,-2118]} 1. g3 d5 2. Bg2 c6 3. Nf3 Bg4 4. O-O Nd7 5. d3 Ngf6 6. Qe1 e5 7. e4 dxe4 8. dxe4 Bc5 9. a4 {A07: Réti Opening: New York and Capablanca Systems} (9. Nbd2 O-O 10. h3 Bh5 11. a4 Qc7 12. Nb3 Be7 13. Nh4 Rfe8 14. Be3 Bf8 15. g4 Bg6 16. Nf5 a5 17. Qe2 Nb6 18. Ng3 Nfd7 {1-0 (59) Svidler,P (2759)-Bok,B (2613) Biel 2016}) 9... a5 10. Bd2 h6 $146 ({Predecessor:} 10... O-O 11. Bc3 Bxf3 12. Bxf3 Bd4 13. Qc1 Nc5 14. Rd1 Nfxe4 15. Bxd4 exd4 16. Qf4 Re8 17. Nc3 Ng5 18. Bg2 Nge6 19. Qg4 Qb6 20. Ne4 Nxe4 21. Qxe4 Qxb2 {0-1 (21) Frois,A (2320)-McDonald,N (2433) Cappelle-la-Grande 2013}) 11. Na3 {The position is equal.} Be6 12. Qe2 Qb6 13. Bc3 Bd6 14. Nc4 Bxc4 15. Qxc4 Qa6 16. Qxa6 Rxa6 17. Rfd1 Ke7 18. Ne1 Bb4 19. Bd2 (19. Bxb4+ $14 axb4 20. Nd3) 19... Bxd2 $11 20. Rxd2 Nc5 21. f3 Raa8 22. Kf2 Rhd8 23. Rxd8 Rxd8 24. Ke3 g5 25. Ra3 (25. Bf1 $11 {keeps the balance.}) 25... Rd4 $17 26. h3 (26. Bf1 $17 {was called for.}) 26... Rxa4 27. Rxa4 Nxa4 $19 {[%mdl 4096] Endgame KBN-KNN} 28. b3 Nc5 29. f4 exf4+ {Played: Nf6-h5} 0-1

[Event "10th Sharjah Cup Women 2020"]
[Site "Sharjah"]
[Date "2020.01.08"]
[Round "6.7"]
[White "Heinemann, Josefine"]
[Black "Li, Xueyi"]
[Result "1/2-1/2"]
[WhiteElo "2317"]
[BlackElo "2307"]
[Annotator "TA"]
[PlyCount "69"]
[EventDate "2020.01.04"]
[EventType "swiss"]
[EventCountry "UAE"]
[SourceTitle "playchess.com"]
[Source "ChessBase"]
[SourceQuality "1"]

{[%evp 14,69,29,20,30,10,48,53,46,41,27,27,20,0,16,33,29,0,0,0,0,3,0,9,23,0,70,63,58,30,30,16,14,14,13,12,30,30,36,30,30,30,30,5,36,0,0,0,0,0,0,0,0,0,0,0,0,0]} 1. e4 c6 2. d4 d5 3. Nd2 dxe4 4. Nxe4 Nf6 5. Nxf6+ exf6 6. c3 Bd6 7. Bd3 O-O 8. Qc2 Re8+ {B15: Caro-Kann: 3 Nc3: 3...g6 and 3...dxe4 4 Nxe4 Nf6 5 Nxf6+ exf6} 9. Ne2 h5 (9... f5 $5) 10. O-O h4 {White is slightly better.} 11. Bf4 Na6 {[%cal Bb8a6,Ba6c7,Bc7e6][%mdl 32]} 12. Rfe1 Nc7 13. Qd2 Ne6 14. Bxd6 Qxd6 {[#]} 15. Nf4 $146 ({Predecessor:} 15. Bc2 Bd7 16. f4 Nc5 17. Nc1 h3 18. Nb3 {½-½ (18) Bacrot,E (2678)-Villegas,P (2354) Brest 2019}) 15... Bd7 16. Nxe6 Rxe6 17. Bc4 Rxe1+ 18. Rxe1 h3 19. g3 (19. gxh3 {feels hotter.} c5 20. d5 Bxh3 21. Qd3 Bg4 22. Qg3) 19... Re8 (19... b5 $11 20. Bb3 a5) 20. Rxe8+ $14 Bxe8 21. Qe3 Bd7 22. Bf1 Be6 23. a3 Qd5 24. c4 Qf5 25. Qd3 Qh5 26. Be2 Qa5 27. b4 Qd8 28. Bf1 Qd7 29. d5 cxd5 {The position is equal.} 30. cxd5 Bxd5 31. Bxh3 Qc6 32. Bf1 g6 33. h4 Kg7 34. Qd4 Qe6 35. Bg2 {Accuracy: White = 55%, Black = 64%.} 1/2-1/2

[Event "10th Sharjah Cup Women 2020"]
[Site "Sharjah"]
[Date "2020.01.08"]
[Round "6.8"]
[White "Nguyen, Thi Mai Hung"]
[Black "Michelle Catherina, P."]
[Result "1/2-1/2"]
[WhiteElo "2254"]
[BlackElo "2143"]
[Annotator "TA"]
[PlyCount "135"]
[EventDate "2020.01.04"]
[EventType "swiss"]
[EventCountry "UAE"]
[SourceTitle "playchess.com"]
[Source "ChessBase"]
[SourceQuality "1"]

{[%evp 15,135,-4,-6,-14,-22,-24,8,0,7,-7,19,12,19,14,21,0,20,0,20,20,20,20,29,13,30,30,40,29,38,40,36,35,170,44,54,33,35,25,51,56,44,9,26,0,8,0,0,0,0,0,0,0,0,0,0,0,0,0,24,8,8,8,35,8,43,0,17,14,22,8,106,106,105,105,116,22,22,8,383,403,247,44,44,44,52,54,70,8,8,8,8,8,8,0,0,0,0,0,8,8,8,8,32,8,8,8,8,8,8,8,8,0,8,8,8,0,0,0,0,0,0,0]} 1. d4 Nf6 2. Nf3 e6 3. Bf4 c5 4. e3 Nc6 5. Nbd2 d5 6. c3 Bd6 7. Bg3 O-O 8. Bd3 b6 9. O-O {D02: 1 d4 d5 2 Nf3 sidelines, including 2...Nf6 3 g3 and 2...Nf6 3 Bf4} (9. Qe2 Bb7 10. Rd1 Bxg3 11. hxg3 h6 12. Ne5 Nxe5 13. dxe5 Nd7 14. f4 f6 15. Qg4 f5 16. Qg6 Qe8 17. Rxh6 Qxg6 18. Rxg6 {1-0 (41) Gajewski,G (2626)-Korobov,A (2668) Moscow 2019}) 9... Bxg3 10. hxg3 Qd6 11. Qe2 Bb7 12. dxc5 Qxc5 13. e4 dxe4 14. Nxe4 Qe7 $146 ({Predecessor:} 14... Nxe4 15. Qxe4 g6 16. Rad1 Qe7 {½-½ (41) Hoang,T (2459)-Goryachkina,A (2452) Riga 2017}) 15. Rfe1 (15. Rad1 {looks sharper.} Nd5 16. a3 Rfd8 17. Qc2 h6 18. c4) 15... Rad8 16. Rad1 g6 17. Nxf6+ Qxf6 18. Be4 Qe7 19. a3 Rfe8 20. g4 h6 21. Qe3 Kg7 22. b4 Rxd1 23. Rxd1 Nd8 ({Better is} 23... Rd8 $14 24. Re1 Rc8) 24. Bxb7 (24. Ne5 $1 $18 Bc8 25. c4) 24... Nxb7 $14 25. c4 (25. Nd4 {feels hotter.} Rc8 26. f4 Nd8 27. g5 hxg5 28. fxg5 e5 29. Nf3) 25... Rd8 26. Rd4 Rxd4 27. Qxd4+ f6 28. Nd2 (28. Qe4 {is interesting.} e5 29. Nh4 Qf7 30. Qc6 Qe7 31. g3) 28... Qd6 29. Qxd6 (29. Qc3 {with more complications.} Nd8 30. Ne4 Qd1+ 31. Kh2 e5 32. f3) 29... Nxd6 $11 {[%mdl 4096] Endgame KN-KN} 30. f3 e5 31. Kf2 Kf7 32. Ke3 Nb7 33. Ne4 Ke6 34. Kd3 f5 35. gxf5+ gxf5 36. Nc3 Kd7 37. Nb5 a6 38. Nc3 Kd6 39. Nd1 Kc6 40. Nc3 Kd6 41. Nd5 b5 42. Ne3 bxc4+ (42... Ke6 $1 $11 {keeps the balance.}) 43. Kxc4 $16 Ke6 44. a4 h5 45. b5 (45. Nf1 $16) 45... axb5+ $11 46. Kxb5 {Threatening Kb6.} Nd6+ $2 {[%mdl 8192]} (46... h4 $11 {and Black stays safe.}) 47. Kc6 $1 $18 f4 {[#]} 48. Nd1 $2 (48. Nf1 $1 $18) 48... Nc4 $14 49. Nc3 h4 50. Ne4 Ke7 $1 {[#]} 51. Kc5 (51. a5 $1 $14 {[%mdl 512]} Nxa5+ 52. Kd5) 51... Ne3 $11 52. a5 {Hoping for a6.} Kd7 53. a6 Kc7 54. Nd6 {White wants to mate with a7.} Kb8 55. Kb6 Nd5+ ({Not} 55... Nxg2 56. a7+ Ka8 57. Nb5 h3 58. Nc7#) 56. Kc6 Nc3 {...e4! is the strong threat.} 57. Nf5 Ka7 58. Nxh4 {White wants to play Ng6.} Kxa6 59. Ng6 Nd1 $1 {The position is equal.} 60. Kd6 Ne3 61. Nh4 Nc4+ 62. Kc5 Ne3 63. Kd6 Nc4+ 64. Kd5 Kb5 65. Ke4 {And now Ng6 would win.} Kc5 66. Nf5 Kc6 67. Kd3 Nb6 68. Ke4 {Accuracy: White = 34%, Black = 50%.} 1/2-1/2

[Event "10th Sharjah Cup Women 2020"]
[Site "Sharjah"]
[Date "2020.01.08"]
[Round "6.9"]
[White "Gong, Qianyun"]
[Black "Gevorgyan, Irina"]
[Result "1/2-1/2"]
[WhiteElo "2371"]
[BlackElo "2216"]
[Annotator "TA"]
[PlyCount "67"]
[EventDate "2020.01.04"]
[EventType "swiss"]
[EventCountry "UAE"]
[SourceTitle "playchess.com"]
[Source "ChessBase"]
[SourceQuality "1"]

{[%evp 9,67,-17,-13,-16,-18,-9,-8,-17,-5,-4,0,-2,0,-14,-7,-5,9,0,20,7,27,16,14,0,25,19,27,27,39,19,25,14,26,19,20,23,31,31,32,0,32,22,167,40,172,14,15,7,54,67,46,0,47,35,23,0,24,0,27,0]} 1. e4 c5 2. Nc3 e6 3. f4 a6 4. g3 (4. Nf3 d5 5. d3 dxe4 6. dxe4 Qxd1+ 7. Nxd1 Nc6 8. c3 Nf6 9. Nf2 Be7 10. Bd3 O-O 11. Be3 b5 12. a4 {0-1 (31) Shabalov,A (2568)-Zherebukh,Y (2633) chess.com INT 2018}) 4... d5 5. Nf3 d4 6. Ne2 {B23: Closed Sicilian: Lines without g3} Nf6 7. d3 Nc6 8. Bg2 {The position is equal.} Be7 9. O-O O-O 10. h3 Nd7 $146 ({Predecessor:} 10... b5 11. c3 Qb6 12. cxd4 cxd4 13. b3 Bb7 14. Bb2 {0-1 (54) Boschma,B (2453)-Miras Garcia,E (2464) ICCF email 2009}) 11. g4 f6 12. a3 Rb8 13. Ng3 Nb6 14. Qe2 Bd7 15. Bd2 Qc7 16. b3 Bd6 17. Nh5 Be8 {[#]} 18. e5 $1 {[%mdl 512]} fxe5 19. fxe5 Be7 20. Ng5 Rxf1+ 21. Rxf1 {Strongly threatening Nf6+!} Bxg5 22. Bxg5 Bxh5 23. gxh5 Rf8 $1 24. Rxf8+ Kxf8 25. h6 Qxe5 (25... Qf7 $11 {and Black is okay.}) 26. hxg7+ (26. Qxe5 $18 Nxe5 27. hxg7+ (27. Bxb7 g6 $16) 27... Kxg7 28. Bxb7) 26... Kxg7 (26... Qxg7 $14 27. h4 Qg6) 27. Qg4 $2 {[#]} (27. Qxe5+ $18 Nxe5 28. Bxb7) 27... Qf5 $11 28. Qg3 Nd5 29. Be4 {[%mdl 1024] White has compensation.} Qf7 30. h4 Kf8 31. Qd6+ Kg7 32. Qg3 Kf8 33. Qd6+ Kg7 34. Qg3 {Accuracy: White = 36%, Black = 47%.} 1/2-1/2

[Event "10th Sharjah Cup Women 2020"]
[Site "Sharjah"]
[Date "2020.01.08"]
[Round "6.10"]
[White "Kubicka, Anna"]
[Black "Radeva, Viktoria"]
[Result "1/2-1/2"]
[WhiteElo "2258"]
[BlackElo "2338"]
[Annotator "TA"]
[PlyCount "62"]
[EventDate "2020.01.04"]
[EventType "swiss"]
[EventCountry "UAE"]
[SourceTitle "playchess.com"]
[Source "ChessBase"]
[SourceQuality "1"]

{[%evp 22,62,67,50,44,53,42,42,37,6,25,20,52,20,39,0,12,9,18,-65,-18,-24,-16,-18,0,-23,32,13,23,0,25,0,16,24,12,-2,0,-20,0,0,0,-19,16]} 1. e4 c5 2. Nf3 e6 3. d4 cxd4 4. Nxd4 a6 5. Bd3 Nf6 6. Qe2 d6 7. O-O Qc7 8. c4 g6 9. Nc3 Bg7 10. Be3 O-O 11. Rac1 Nbd7 12. f4 b6 {B42: Sicilian: Kan Variation: 5 Bd3} 13. b4 Bb7 14. a3 (14. Nb3 Rfc8 15. a4 Rab8 16. Bd4 Re8 17. Qf2 Qd8 18. h3 Qe7 19. Rce1 e5 20. Be3 exf4 21. Bxf4 {½-½ (103) Liu,Q (2510)-Li,S (2508) China 2015}) 14... Rac8 {White is slightly better.} 15. Kh1 Qb8 16. Nf3 $146 ({Predecessor:} 16. Nb3 Rfe8 17. a4 Qa8 18. Bd2 d5 19. cxd5 exd5 {1-0 (66) Jojua,D (2125)-Gurcan,S (2283) Batumi 2002}) 16... Rfe8 17. Ng5 Qa8 18. Bg1 h6 19. Nf3 Nh5 20. Nh4 (20. Qd2 $11) 20... b5 {Threatens to win with ...bxc4.} (20... Bf6 $5 {[%cal Rf6h4]} 21. Qe1 Rc7 $15) 21. f5 exf5 22. Nxf5 bxc4 23. Bb1 Re6 ({Reject} 23... gxf5 24. Qxh5 Nf6 25. Qxf5 $14) ({Black should try} 23... Bf8 $1 $11) 24. Nxg7 $14 Nxg7 25. Bd4 Ne5 26. Na4 $36 {[%mdl 2048] And now Nb6 would win. Black is under pressure.} Nd7 {[%cal Rb7e4]} 27. Qf2 ({Don't play} 27. Rxc4 Rxc4 28. Qxc4 Bxe4 $15) 27... Rf8 28. Rxc4 {[#] aiming for Rc7.The position is equal.} Bxe4 29. Bxe4 Rxe4 30. Nc3 Re6 31. Rc7 {Bxg7 is the strong threat.} (31. Bxg7 $5 Kxg7 32. Qd4+ Kg8 33. Nd5 $11) 31... Ne5 {Accuracy: White = 36%, Black = 32%.} 1/2-1/2

[Event "10th Sharjah Cup Women 2020"]
[Site "Sharjah"]
[Date "2020.01.08"]
[Round "6.11"]
[White "Asatryan, Sona"]
[Black "Kiolbasa, Oliwia"]
[Result "1-0"]
[WhiteElo "2085"]
[BlackElo "2196"]
[Annotator "TA"]
[PlyCount "83"]
[EventDate "2020.01.04"]
[EventType "swiss"]
[EventCountry "UAE"]
[SourceTitle "playchess.com"]
[Source "ChessBase"]
[SourceQuality "1"]

{[%evp 24,83,29,20,33,27,33,22,26,35,120,6,27,23,33,0,0,0,0,0,0,0,100,100,99,106,103,96,99,96,104,75,120,117,194,181,319,298,416,413,469,461,550,549,605,564,527,510,29970,444,29969,29974,29962,29962,10151,776,29961,29962,5085,612,29976,29975]} 1. e4 e5 2. Nf3 Nc6 3. Bb5 a6 4. Ba4 Nf6 5. O-O Nxe4 6. d4 b5 7. Bb3 d5 8. dxe5 Be6 9. Be3 Be7 10. c3 O-O 11. Nbd2 Nxd2 12. Qxd2 Na5 13. Nd4 c5 {C83: Open Ruy Lopez: 9 c3 Be7} (13... Nc4 14. Bxc4 dxc4 15. Rfd1 Bd7 16. a4 bxa4 17. Qe2 Qc8 18. Qxc4 c5 19. Nf3 h6 20. e6 Bxe6 21. Qxa4 {½-½ (37) Bauer,C (2647)-Anton Guijarro,D (2651) Heraklio 2017}) 14. Nxe6 fxe6 15. Bc2 Nc4 {The position is equal.} 16. Qd3 Rf5 {[#]} (16... g6 $14) 17. b3 $146 ({Better is} 17. Bc1 $1 $16) ({Predecessor:} 17. f4 Nxe3 18. Qxe3 Rf7 19. Qh3 g6 20. Qxe6 d4 21. f5 Qc8 22. Qd5 Qd8 23. Be4 Rc8 24. fxg6 {1-0 (24) Bogdanov,A (2177)-Marinin,V (2122) St Petersburg 2002}) 17... Nxe5 18. Qe2 Rf7 19. Qh5 $40 {[%mdl 128] White mounts an attack.} Ng6 $1 20. Bxg6 hxg6 21. Qxg6 e5 22. Rad1 Ra7 (22... Rf6 $11 {keeps the balance.} 23. Qd3 d4) 23. Qe6 $16 d4 24. Qxe5 {[%cal Rc3d4]} Bd6 {[#]} 25. Qg5 $1 {[%cal Rg5d8]} Qxg5 26. Bxg5 Rf5 27. Bc1 Be5 28. g4 Rf3 (28... Rf6 $16) 29. Rfe1 $18 Bxh2+ (29... Bd6 $142) 30. Kxh2 Rxf2+ 31. Kg3 Rxa2 32. cxd4 cxd4 33. Rxd4 a5 34. Rd8+ Kf7 35. Rf1+ Kg6 (35... Ke6 $18 36. Rb8 Rd7 37. Rxb5 Kd6 38. Bf4+ Ke6) 36. Rd6+ Kh7 37. g5 Ra8 38. g6+ Kg8 39. Rfd1 (39. Rf7 $142 Rc2 40. Bd2) 39... Re2 40. Rd8+ Re8 41. R8d7 (41. Rxa8 $142 Rxa8 42. Rd7) 41... Re2 {[#]} 42. Bb2 $1 {[%mdl 512] Accuracy: White = 66%, Black = 27%.} 1-0

[Event "10th Sharjah Cup Women 2020"]
[Site "Sharjah"]
[Date "2020.01.08"]
[Round "6.12"]
[White "Khukhashvili, Sopiko"]
[Black "Pujari, Rucha"]
[Result "1-0"]
[WhiteElo "2343"]
[BlackElo "2187"]
[Annotator "TA"]
[PlyCount "31"]
[EventDate "2020.01.04"]
[EventType "swiss"]
[EventCountry "UAE"]
[SourceTitle "playchess.com"]
[Source "ChessBase"]
[SourceQuality "1"]

{[%evp 15,91,22,34,32,21,39,33,42,45,26,31,-35,-19,-17,-19,-19,-13,-48,-53,-50,-23,-20,-13,-46,-46,-44,32,23,45,41,49,48,35,28,26,0,9,1,1,1,1,1,1,1,67,67,63,0,0,0,0,0,4,6,26,8,208,0,75,0,663,663,472,575,663,662,623,624,615,573,565,558,29988,29989,29993,29994,29994,29995]} 1. e4 c5 2. Nf3 e6 3. d4 cxd4 4. Nxd4 Nf6 5. Nc3 Bb4 6. e5 Nd5 7. Bd2 Bxc3 8. bxc3 O-O 9. Bd3 {B40: Sicilian: 2...e6, Unusual lines} d6 10. exd6 Qxd6 11. O-O {White is slightly better.} Bd7 12. Rb1 Na6 13. Nb5 $146 (13. c4 $14 Ndb4 14. Nb5) ({Predecessor:} 13. Bxa6 Qxa6 14. Qf3 Rac8 15. Rfc1 b6 16. Qd3 Qc4 {0-1 (34) Ragger,M (2687)-Jobava,B (2627) St Petersburg 2018}) 13... Bxb5 $15 14. Rxb5 Nc5 15. c4 {aiming for Bb4.} Nc7 16. Rb1 {Played: Bd2-f4} 1-0

[Event "10th Sharjah Cup Women 2020"]
[Site "Sharjah"]
[Date "2020.01.08"]
[Round "6.13"]
[White "Al-Shamsi, Ousha"]
[Black "Suleimanova, Ava"]
[Result "0-1"]
[WhiteElo "1484"]
[BlackElo "2213"]
[Annotator "TA"]
[PlyCount "68"]
[EventDate "2020.01.04"]
[EventType "swiss"]
[EventCountry "UAE"]
[SourceTitle "playchess.com"]
[Source "ChessBase"]
[SourceQuality "1"]

{[%evp 9,68,43,105,38,43,-6,-6,0,1,-3,-12,-42,-23,-46,-59,-94,-90,-100,-106,-106,-106,-108,-90,-114,-108,-128,-127,-147,-122,-143,-147,-154,-151,-154,-144,-154,-158,-155,-148,-159,-149,-168,-166,-231,-152,-167,-166,-163,-133,-168,-172,-228,-183,-203,-190,-189,-180,-290,-299,-714,-700]} 1. e4 Nf6 2. e5 Nd5 3. Bc4 Nb6 4. Bb3 e6 5. d4 c5 {[#]} (5... d5 $14) 6. c3 {B02: Alekhine's Defence: Chase Variation and lines with early Nc3} (6. dxc5 $1 $16 Bxc5 7. Nc3) 6... Nc6 (6... cxd4 7. cxd4 d6 8. exd6 Bxd6 9. Nc3 Bd7 10. Nf3 Bc6 11. O-O O-O 12. Re1 N8d7 13. Qe2 {½-½ (54) Paehtz,E (2420)-Malakhatko,V (2600) Gibraltar 2008}) 7. Be3 cxd4 8. cxd4 {The position is equal.} d6 9. Nf3 dxe5 $146 ({Predecessor:} 9... Qc7 10. exd6 Bxd6 11. Nc3 a6 12. d5 exd5 13. Bxb6 Qxb6 14. Qxd5 Qc7 15. Qe4+ Qe7 16. Qxe7+ Bxe7 {1-0 (53) Delin,V (1346)-Cleaud,C (1761) Rouen 2016}) 10. dxe5 (10. Nxe5 {is more complex.} Nxe5 11. dxe5 Qxd1+ 12. Kxd1 Bd7 13. Nc3) 10... Qxd1+ 11. Bxd1 Nc4 12. Bc1 N4xe5 {Threatens to win with ...Nd3+.} 13. Nxe5 Nxe5 14. O-O Bd7 15. Be2 Bc6 16. Nc3 Bc5 17. Bf4 Ng6 18. Bg3 O-O 19. Kh1 a6 20. Bd3 Bd4 21. f3 Rac8 22. Rac1 Rfd8 23. Rfd1 Be3 24. Ra1 Nf4 25. Be4 {With the idea Rxd8+.} Bxe4 $40 {[%mdl 128] White is in trouble.} 26. Nxe4 (26. Rxd8+ $142 Rxd8 27. Bxf4 Bxf4 28. Nxe4) 26... h6 27. Re1 Nd5 28. Nd6 Rb8 29. Nc4 Bf4 30. Bf2 (30. Re2 $142) 30... Nb4 {...Nc2 is the strong threat.} 31. Re4 Bc7 32. Ba7 {[#]} Ra8 $1 {[%cal Ra8a7]} 33. Bc5 (33. Bg1 $142) 33... Nd3 $19 34. Rd4 $2 (34. Bb6 Rac8 35. Re2) 34... Nxc5 {Accuracy: White = 25%, Black = 69%.} 0-1

[Event "10th Sharjah Cup Women 2020"]
[Site "Sharjah"]
[Date "2020.01.08"]
[Round "6.13"]
[White "Al-Shamsi, Ousha"]
[Black "Suleimanova, Ava"]
[Result "*"]
[WhiteElo "1484"]
[BlackElo "2213"]
[Annotator "TA RC"]
[PlyCount "42"]
[EventDate "2020.01.04"]
[EventType "swiss"]
[EventCountry "UAE"]
[SourceTitle "playchess.com"]
[Source "ChessBase"]
[SourceQuality "1"]

{[%evp 9,78,-6,-2,5,15,11,82,4,9,11,0,-19,-4,-19,-24,-25,-22,-73,-66,-99,-86,-80,-65,-237,-240,-257,-95,-97,-91,-88,-95,-97,-75,-121,-69,-77,-84,-78,-47,-72,-48,-50,-32,-83,-76,-142,-187,-730,-355,-382,-341,-359,-204,-352,-269,-268,-245,-314,-307,-411,-411,-414,-399,-377,-392,-520,-514,-506,-455,-29991,-29992]} 1. Nf3 c5 2. g3 Nc6 3. Bg2 g6 4. O-O Bg7 5. e3 (5. c3 e5 6. e4 Nge7 7. a3 d6 8. b4 O-O 9. d3 a6 10. Be3 b6 11. Nbd2 h6 12. Nb3 Be6 13. Rb1 Rc8 14. Nfd2 f5 15. f4 exf4 16. Bxf4 g5 17. Be3 Bxc3 {0-1 (67) Adly,A (2607)-Vidit,S (2721) Moscow 2019}) 5... e5 6. d4 {A04: Unusual lines after 1 Nf3 and King's Indian Attack} e4 7. Nfd2 d5 $146 (7... cxd4 $11 8. Nxe4 d5) ({Predecessor:} 7... cxd4 8. Nxe4 d5 9. Nc5 Nge7 10. exd4 Bxd4 11. Nb3 Bg7 {1-0 (91) Sklyarov,D (2425)-Miezis,N (2574) Finland 2013}) 8. dxc5 (8. c4 $1 $16) 8... Nge7 $11 9. c4 f5 10. Na3 O-O 11. cxd5 Nxd5 12. Ndc4 Ncb4 13. Bd2 (13. f3 $11) 13... Nd3 $17 14. Rb1 Nxc5 15. b4 Nd3 16. Qc2 $2 {[#]} (16. f3 $15) 16... Be6 $1 $19 17. f3 exf3 $2 (17... Rc8 $19 {has better winning chances. aiming for ...Nb6.} 18. Qa4 Nb6 19. Nxb6 axb6) 18. Bxf3 $17 Ne5 19. Nxe5 Bxe5 20. Rbd1 Rc8 21. Qd3 Rf7 {Played: Nd5-b6} *

[Event "10th Sharjah Cup Women 2020"]
[Site "Sharjah"]
[Date "2020.01.08"]
[Round "6.14"]
[White "Babayan, Armine"]
[Black "Yasmin, Ali"]
[Result "1-0"]
[WhiteElo "2186"]
[BlackElo "1527"]
[Annotator "TA"]
[PlyCount "51"]
[EventDate "2020.01.04"]
[EventType "swiss"]
[EventCountry "UAE"]
[SourceTitle "playchess.com"]
[Source "ChessBase"]
[SourceQuality "1"]

{[%evp 12,51,25,24,58,54,68,56,75,49,80,91,75,61,269,179,410,245,251,235,326,327,331,329,311,325,341,338,331,313,419,412,296,298,305,277,298,254,240,249,677,684]} 1. e4 c5 2. Nf3 e6 3. d4 cxd4 4. Nxd4 a6 5. c4 Nf6 6. Bd3 Qc7 7. Be3 Be7 {B42: Sicilian: Kan Variation: 5 Bd3} 8. Nc3 O-O 9. O-O b6 {White is slightly better.} 10. Rc1 Bb7 11. f4 d6 12. f5 exf5 $146 (12... e5 $14) ({Predecessor:} 12... Qc8 13. fxe6 fxe6 14. b4 Nc6 15. Nxc6 Qxc6 16. b5 Qc7 {1-0 (28) Polgar,J (2685)-Yu,Y (2675) Dubai 2014}) 13. Nxf5 $18 {[#] Black must now prevent Nd5.} (13. Rxf5 Nbd7 $14) 13... Bd8 $2 (13... Qd8 14. Nd5 Bxd5) 14. Bf4 (14. Nd5 $142 Bxd5 15. cxd5) 14... Ne8 15. Qg4 f6 16. Nd5 Qd7 17. Qg3 Nc6 18. Nxd6 Nxd6 19. Bxd6 Rf7 20. c5 bxc5 21. Bc4 {[#] Hoping for Nxf6+.} Nd4 22. Rf2 Kh8 23. Nf4 ({Not} 23. Bxc5 Ne6 $16) 23... Bxe4 {And now ...Nf5 would win.} 24. Bxf7 Qxf7 25. Bxc5 Qd7 $2 (25... Nc6 26. Re1 Bf5) 26. Qe3 {[%mdl 64] Double Attack. Accuracy: White = 71%, Black = 23%.} 1-0

[Event "10th Sharjah Cup Women 2020"]
[Site "Sharjah"]
[Date "2020.01.08"]
[Round "6.15"]
[White "Al Ali, Aisha Saif"]
[Black "Soyunlu, Narmin"]
[Result "0-1"]
[WhiteElo "1499"]
[BlackElo "2020"]
[Annotator "NA RC"]
[PlyCount "58"]
[EventDate "2020.01.04"]
[EventType "swiss"]
[EventCountry "UAE"]
[SourceTitle "playchess.com"]
[Source "ChessBase"]
[SourceQuality "1"]
[TimeControl "5400+30"]

{[%evp 8,58,1,9,13,19,25,32767,32767,32767,32767,14,37,14,16,-12,-3,-4,-16,0,-2,-39,-25,-95,-93,-113,-127,-120,-126,-119,-1,-13,0,0,0,0,0,0,0,0,4,-208,-206,32767,32767,32767,32767,-1008,-1002,-969,-1045,-929,-1177]} 1. e4 {[%emt 0:00:18]} e6 {[%emt 0:00:00]} 2. d4 {[%emt 0:00:19]} d5 {[%emt 0:00:00]} 3. Bd3 {[%emt 0:00:42]} c5 {[%emt 0:00:00]} 4. exd5 {[%emt 0:01:04]} exd5 {[%emt 0:00:00]} 5. Nf3 {[%emt 0:00:33]} c4 {[%emt 0:00:04]} (5... Nf6 6. O-O c4 7. Re1+ Be7 8. Be2 O-O 9. b3 cxb3 10. axb3 Nc6 11. c3 Re8 12. Nbd2 Bd6 13. Bd3 Bg4 14. Rxe8+ Qxe8 {0-1 (52) Fontaine,R (2563)-Carlsen,M (2834) chess.com INT 2018}) 6. Be2 {[%emt 0:00:14] C01: French: Exchange Variation} Nf6 {[%emt 0:00:22]} 7. b3 {[%emt 0:00:30]} cxb3 {[%emt 0:00:06]} 8. axb3 {[%emt 0:00:07]} Nc6 {[%emt 0:00:07]} 9. O-O {[%emt 0:01:01]} Bd6 {[%emt 0:00:06]} 10. Re1 $146 {[%emt 0:01:31]} ({Predecessor:} 10. c4 h6 11. Nc3 O-O 12. cxd5 Ne7 13. Ne5 Nexd5 14. Nxd5 Nxd5 {1-0 (62) Anurag,M (2490)-Saravana,K (2304) Majitar 2019}) 10... O-O {[%emt 0:00:11]} 11. c4 {[%emt 0:02:01]} Bg4 {[%emt 0:11:56]} 12. c5 {[%emt 0:09:33]} Bc7 {[%emt 0:00:28]} 13. h3 {[%emt 0:10:32]} Bf5 {[%emt 0:05:30]} 14. Bd3 {[%emt 0:12:31]} Ne4 {[%emt 0:05:08]} 15. Ng5 {[%emt 0:10:50]} (15. Bb2 $11 {remains equal.}) 15... Nxd4 {[%emt 0:08:00]} 16. Bxe4 {[%emt 0:02:01]} dxe4 {[%emt 0:01:37]} 17. Nxe4 {[%emt 0:00:17]} Bxe4 {[%emt 0:09:39]} 18. Rxe4 {[%emt 0:00:31]} Re8 {[%emt 0:09:29]} (18... Ne6 $17 19. Qxd8 Rfxd8) 19. Nc3 {[%emt 0:05:56]} ({Don't blunder} 19. Rxd4 $2 {[#]} Qxd4 $1 {[%mdl 576] Double Attack} 20. Qf1 Qxa1 $19) 19... Rxe4 {[%emt 0:00:44]} 20. Nxe4 {[%emt 0:00:02]} Be5 {[%emt 0:13:59]} 21. Bb2 {[%emt 0:03:30]} Qd5 $1 {[%emt 0:11:52]} 22. Bxd4 {[%emt 0:05:17]} Bxd4 {[%emt 0:00:07]} 23. Qf3 {[%emt 0:09:42]} Qe5 {[%emt 0:07:50]} (23... Bxa1 $2 {[#] too greedy.} 24. Nf6+ $1 {[%mdl 576] Discovered Attack} gxf6 25. Qxd5 $18) 24. Re1 $2 {[%emt 0:03:29]} (24. Rd1 $11) 24... f5 {[%emt 0:02:07]} 25. Ng5 {[%emt 0:02:18]} Qxe1+ {[%emt 0:00:10]} 26. Kh2 {[%emt 0:00:03]} Qe5+ {[%emt 0:00:42]} 27. g3 {[%emt 0:00:51]} h6 {[%emt 0:01:54]} 28. Qxb7 {[%emt 0:00:22]} Rf8 {[%emt 0:02:43]} 29. Nf3 {[%emt 0:02:41]} Qxc5 $19 {[%emt 0:00:27]} 0-1